LEADER 01282nam a2200301 i 4500 001 000000151927 003 CaOOAMICUS 005 20060718000000.0 008 060718s1987 it u000 u ita u 013 $a129268 040 $aSeMil$bita 100 1 $aShtern, Ljudmila.$0(OLS)http://semarc/name/59671 240 10$a12 Kolleghii.$0(OLS)http://semarc/title/222080 245 12$aI Dodici Collegi :$bscene di vita accademica /$cLjudmila Shtern ; a cura di Victor Zaslavsky ; traduzione di Anita Guido ; riveduta da Carla Solivetti. 260 $aPalermo :$bSellerio,$ccopyr. 1987. 300 $a141 p. ;$c17 cm. 490 0 $aLa memoria ;$v148 500 $aFondo Ciprandi. 700 1 $aSolivetti, Carla.$0(OLS)http://semarc/name/20105 700 1 $aGuido, Anita.$0(OLS)http://semarc/name/59673 700 1 $aZaslavsky, Victor <1937-2009>.$0(OLS)http://semarc/name/59672 830 3$aLa memoria ;$v148.$0(OLS)http://semarc/title/10970 850 $aSeMil 852 $aSeMil$W1$xVenegono$y1$m1W I 266$j103906$B103906$CSeMilBibl$Z2$F112956 $81 941 1 $a1 961 $aOmaggio: Ciprandi dott. Paolo 996 $6245$aI Dodici Collegi :$bscene di vita accademica$9(OLS)http://semarc/title/222079 996 $6260$aPalermo :$bSellerio$9(OLS)http://semarc/publisher/32246 LEADER 02594nam a2200385 i 4500 001 000000026181 003 CaOOAMICUS 005 20251125145009.0 008 180830s1710 ne u000 u lat u 040 $aSeMil$bita 100 1 $aLivius, Titus,$d<59 a.C.-17.d.C.>.$0(OLS)http://semarc/name/3415 245 10$aTiti Livii Historiarum quod exstat, cum integris Joannis Freinshemii Supplementis Emendatioribus & suis locis collocatis, Tabulis geographicis & copioso indice. Recensuit et notulis auxit Joannes Clericus. 264 1$aAmstelaedami :$bApud Henricum Wetstenium ;$aTraiecti ad Rhenum :$bApud Gulielmum van de Water,$c1710. 300 $a10 v. ;$c8°. 500 $aFront. calcogr. precede il front. tip. in tutti i v., nell'ultimo effige di Tito Livio. 500 $aNon posseduto il. v. 10 [Geographia Liviana & Index rerum locupletissimus] 700 1 $aDoujat, Jean,$d<1609-1688>.$0(OLS)http://semarc/name/11716 700 1 $aLe Clerc, Jean ,$d<1657-1736>.$0(OLS)http://semarc/name/11717 700 1 $aFreinsheim, Johann,$d<1608-1660>.$0(OLS)http://semarc/name/11627 700 1 $aGoeree, Jan .$0(OLS)http://semarc/name/11703 700 1 $aWater, Willelm : van de,$c.$0(OLS)http://semarc/name/11718 700 1 $aWetstein, Hendrik,$c.$0(OLS)http://semarc/name/11044 774 0 $aLivius, Titus <59 a.C.-17.d.C.>$t[Libb. I. Ad VI.].$g1$w()210529 774 0 $aLivius, Titus <59 a.C.-17.d.C.>$t[Libb. VII. Ad XX.].$g2$w()210537 774 0 $aLivius, Titus <59 a.C.-17.d.C.>$t[Libb. XXI. Ad XXVII.].$g3$w()210536 774 0 $aLivius, Titus <59 a.C.-17.d.C.>$t[Libb. XXVIII. Ad XXXV.].$g4$w()210538 774 0 $aLivius, Titus <59 a.C.-17.d.C.>$t[Libb. XXXVI. Ad XLIII.].$g5$w()210535 774 0 $aLivius, Titus <59 a.C.-17.d.C.>$t[Libb. XLIV. Ad LXII.].$g6$w()210540 774 0 $aLivius, Titus <59 a.C.-17.d.C.>$t[Libb. LXIII. Ad XCIV.].$g7$w()210541 774 0 $aLivius, Titus <59 a.C.-17.d.C.>$t[Libb. XCV. Ad CXV].$g8$w()210542 774 0 $aLivius, Titus <59 a.C.-17.d.C.>$t[Libb. CXVI. Ad CXL.].$g9$w()210539 996 $6245$aTiti Livii Historiarum quod exstat, cum integris Joannis Freinshemii Supplementis Emendatioribus & suis locis collocatis, Tabulis geographicis & copioso indice. Recensuit et notulis auxit Joannes Clericus$9(OLS)http://semarc/title/35320 996 $6264$aAmstelaedami :$bApud Henricum Wetstenium$9(OLS)http://semarc/publisher/36750 996 $6264$aTraiecti ad Rhenum :$bApud Gulielmum van de Water$9(OLS)http://semarc/publisher/36751